Connais-tu leur effet? Yu-gi-oh - Statistiques

Statistiques générales
  • Ce quiz a été pris 15 fois
  • Le résultat moyen est 43 sur 60
Statistiques - réponses
Question Tuile Select % Correct
Quelle(s) carte(s) peut bannir par son effet? Non
100%
Quelle(s) carte(s) peut bannir par son effet? Non
100%
Quelle(s) carte(s) peut modifier l'ATK/DEF? Non
100%
quelle(s) monstre(s) peut faire des dégâts perçant? (permet des dommages de combats lorsqu'il attaque un monstre en position de défense) Non
100%
quelle(s) monstre(s) peut faire des dégâts perçant? (permet des dommages de combats lorsqu'il attaque un monstre en position de défense) Non
100%
quelle(s) monstre(s) peut faire des dégâts perçant? (permet des dommages de combats lorsqu'il attaque un monstre en position de défense) Oui
100%
quelle(s) carte(s) demande de payer des LP? Non
100%
quelle(s) carte(s) demande de payer des LP? Non
100%
Quelle(s) carte(s) peut bannir par son effet? Non
93%
Quelle(s) carte(s) peut en renvoyer une autre (depuis le terrain) à la main? Non
93%
Quelle(s) carte(s) peut en renvoyer une autre (depuis le terrain) à la main? Non
93%
Quelle(s) carte(s) peut en renvoyer une autre (depuis le terrain) à la main? Non
93%
Quelle(s) carte(s) peut modifier l'ATK/DEF? Oui
93%
Quelle(s) carte(s) peut modifier l'ATK/DEF? Oui
93%
quelle(s) monstre(s) peut faire des dégâts perçant? (permet des dommages de combats lorsqu'il attaque un monstre en position de défense) Non
93%
quelle(s) monstre(s) peut faire des dégâts perçant? (permet des dommages de combats lorsqu'il attaque un monstre en position de défense) Non
93%
quelle(s) monstre(s) peut faire des dégâts perçant? (permet des dommages de combats lorsqu'il attaque un monstre en position de défense) Non
93%
Quelle(s) carte(s) peut bannir par son effet? Non
87%
Quelle(s) carte(s) peut bannir par son effet? Oui
87%
Quelle(s) carte(s) peut bannir par son effet? Oui
87%
Quelle(s) carte(s) peut en renvoyer une autre (depuis le terrain) à la main? Oui
87%
Quelle(s) carte(s) peut en renvoyer une autre (depuis le terrain) à la main? Non
87%
Quelle(s) carte(s) peut en renvoyer une autre (depuis le terrain) à la main? Non
87%
Quelle(s) carte(s) peut en renvoyer une autre (depuis le terrain) à la main? Non
87%
Quelle(s) carte(s) peut modifier l'ATK/DEF? Non
87%
Quelle(s) carte(s) peut modifier l'ATK/DEF? Non
87%
quelle(s) monstre(s) peut faire des dégâts perçant? (permet des dommages de combats lorsqu'il attaque un monstre en position de défense) Non
87%
quelle(s) carte(s) demande de payer des LP? Non
87%
Quelle(s) carte(s) peut bannir par son effet? Oui
80%
Quelle(s) carte(s) peut en renvoyer une autre (depuis le terrain) à la main? Non
80%
Quelle(s) carte(s) peut en renvoyer une autre (depuis le terrain) à la main? Oui
80%
Quelle(s) carte(s) peut modifier l'ATK/DEF? Non
80%
Quelle(s) carte(s) peut modifier l'ATK/DEF? Non
80%
quelle(s) monstre(s) peut faire des dégâts perçant? (permet des dommages de combats lorsqu'il attaque un monstre en position de défense) Non
80%
quelle(s) carte(s) demande de payer des LP? Non
80%
quelle(s) carte(s) demande de payer des LP? Non
80%
Quelle(s) carte(s) peut bannir par son effet? Non
73%
quelle(s) monstre(s) peut faire des dégâts perçant? (permet des dommages de combats lorsqu'il attaque un monstre en position de défense) Oui
73%
quelle(s) carte(s) demande de payer des LP? Oui
73%
quelle(s) carte(s) demande de payer des LP? Non
73%
quelle(s) carte(s) demande de payer des LP? Non
73%
Quelle(s) carte(s) peut en renvoyer une autre (depuis le terrain) à la main? Non
67%
Quelle(s) carte(s) peut modifier l'ATK/DEF? Non
60%
quelle(s) monstre(s) peut faire des dégâts perçant? (permet des dommages de combats lorsqu'il attaque un monstre en position de défense) Oui
60%
Quelle(s) carte(s) peut en renvoyer une autre (depuis le terrain) à la main? Oui
53%
Quelle(s) carte(s) peut bannir par son effet? Oui
47%
Quelle(s) carte(s) peut modifier l'ATK/DEF? Oui
47%
quelle(s) carte(s) demande de payer des LP? Oui
47%
Quelle(s) carte(s) peut en renvoyer une autre (depuis le terrain) à la main? Non
40%
Quelle(s) carte(s) peut modifier l'ATK/DEF? Oui
40%
quelle(s) monstre(s) peut faire des dégâts perçant? (permet des dommages de combats lorsqu'il attaque un monstre en position de défense) Oui
40%
quelle(s) carte(s) demande de payer des LP? Non
33%
Quelle(s) carte(s) peut modifier l'ATK/DEF? Oui
27%
Quelle(s) carte(s) peut modifier l'ATK/DEF? Oui
27%
quelle(s) carte(s) demande de payer des LP? Oui
27%
Quelle(s) carte(s) peut bannir par son effet? Oui
20%
Quelle(s) carte(s) peut bannir par son effet? Oui
20%
quelle(s) carte(s) demande de payer des LP? Oui
20%
Quelle(s) carte(s) peut bannir par son effet? Oui
13%
quelle(s) monstre(s) peut faire des dégâts perçant? (permet des dommages de combats lorsqu'il attaque un monstre en position de défense) Oui
7%
Aucun quiz correspondant
Distribution des résultats
% des personnes avec chaque résultat
Percentile par nombre de réponses
Votre historique - résultats
Vous n’avez pas pris ce quiz